| 000 | 00603nam a22001937a 4500 | ||
|---|---|---|---|
| 999 |
_c61064 _d61064 |
||
| 005 | 20231213115102.0 | ||
| 008 | 231213s2002 ru ||||| |||| 00| 0 rus d | ||
| 020 | _a5170122144 | ||
| 041 | _arus | ||
| 080 | _a94(37) П-12 | ||
| 100 |
_aПавсаний _920134 |
||
| 245 |
_aОписание Эллады : _bТом 1 / _cПавсаний. |
||
| 264 |
_aМосква: _bЛадомир, _c 2002. |
||
| 300 |
_a492 с. ; _b21 см. |
||
| 653 | _aჰელასის აღწერა | ||
| 653 | _aისტორია | ||
| 653 | _aარქეოლოგია | ||
| 942 |
_2udc _cᲬᲘᲒᲜᲘ |
||